THE PRICE OF PEACE (Record no. 33601)

MARC details
000 -LEADER
fixed length control field 00343nam a22001337a 4500
003 - CONTROL NUMBER IDENTIFIER
control field SGT
020 ## - INTERNATIONAL STANDARD BOOK NUMBER
International Standard Book Number 9780847685578
082 ## - DEWEY DECIMAL CLASSIFICATION NUMBER
Classification number 303.66
Item number COR
100 ## - MAIN ENTRY--PERSONAL NAME
Personal name CORTRIGHT DAVID
245 ## - TITLE STATEMENT
Title THE PRICE OF PEACE
Remainder of title INCENTIVES AND INTERNATIONAL CONFLICT PREVENTION
260 ## - PUBLICATION, DISTRIBUTION, ETC. (IMPRINT)
Place of publication, distribution, etc USA
Name of publisher, distributor, etc ROWMAN AND LITTLEFIELD
Year of Publication 1997
300 ## - PAGE DESCRIPTION
No. of Pages 347
942 ## - ADDED ENTRY ELEMENTS (KOHA)
Source of classification or shelving scheme Dewey Decimal Classification
Koha item type Books
Holdings
Withdrawn status Lost status Source of classification or shelving scheme Damaged status Not for loan Collection code Home library Current library Date acquired SGTU Total Checkouts Full call number Accession No. (Barcode) Date last seen Bill Date Koha item type
    Dewey Decimal Classification   Not For Loan LAW SGT Science & Social Sciences Library SGT Science & Social Sciences Library 27/01/2026 SGTU   303.66 COR FL3938 27/01/2026 27/01/2026 Books